000 00688nam a2200181Ia 4500
008 090123s9999 xx 000 0 und d
082 _b39219
_a891.463/तिबिले
100 _aतिबिले अनंत दत्तत्रय
245 _aविडा रंगलाच नाही
250 _a0
260 _bपारस पब्लिकेशन्स
_c2006
300 _a208
600 _aतिबिले अनंत दत्तत्रय
630 _aविडा रंगलाच नाही
700 _aतिबिले अनंत दत्तत्रय
730 _aविडा रंगलाच नाही
942 _cBOOK
999 _c77281
_d77281